Kpop Multifandom Quiz - Statistics

General Stats
  • This quiz has been taken 4,724 times
  • The average score is 18 of 24
Answer Stats
Who is? Answer % Correct
Maknae in Bts Jungkook
99%
Oldest in Bts Jin
98%
Main Dancer in Blackpink Lisa
97%
Main Vocal in Blackpink Rose
96%
Visual in Blackpink Jisoo
91%
Main Rapper of Bts RM
91%
Main Rapper In Blackpink Jennie
90%
Main Dancer in Exo Kai
86%
Main Dancer of Twice Momo
86%
Maknae in Twice Tzuyu
86%
Oldest in Twice Nayeon
84%
Main Vocal in Twice Jihyo
77%
Face of Got7 Jackson
75%
Maknae of SHINee Taemin
73%
Main Dancer in SHINee Taemin
73%
Main Rapper in Exo Chanyeol
66%
Leader of Exo Suho
64%
Main Rapper in Twice Chaeyoung
62%
Main Rapper in SHINee Key
62%
Main Vocal SNSD Taeyeon
59%
Leader of SHINee Onew
58%
2 visuals of Bts Jin and V
43%
Main Dancer SNSD Hyoyeon
36%
Leader of Got7 Jaebum
26%
No matching quizzes found
Score Distribution
Percent of People with Each Score
Percentile by Number Answered
Your Score History
You have not taken this quiz